000
00336pam a2200157a 44500
008
230515b1920 xxu||||| |||| 00| 0 eng d
020
_a
NULL
041
_a
SANSKRIT
082
_a
1
100
_a
SHARMA
245
_a
SARANGDARSAMHITA
250
_a
1
260
_a
SANGAI
_b
N.D.
_c
1920
300
_a
100
650
_a
SARANGDARSAMHITA
999
_c
497019
_d
497019